Paraguay-Bolivia, cuestión de límites (Record no. 107677)

MARC details
000 -LEADER
campo de control de longitud fija 00722nam a2200193 i 4500
001 - NÚMERO DE CONTROL
campo de control 107677
003 - IDENTIFICADOR DE NÚMERO DE CONTROL
campo de control ES-MaACL
005 - FECHA Y HORA DE LA ÚLTIMA TRANSACCIÓN
campo de control 20230906184452.0
007 - CAMPO FIJO DE DESCRIPCIÓN FÍSICA--INFORMACIÓN GENERAL
campo de control de longitud fija t|
008 - DATOS DE LONGITUD FIJA--INFORMACIÓN GENERAL
campo de control de longitud fija 061121s1934 py r ||||1| spa d
100 1# - ENTRADA PRINCIPAL--NOMBRE DE PERSONA
Nombre de persona Moreno, Fulgencio R.
9 (RLIN) 83279
245 10 - MENCIÓN DEL TÍTULO
Título Paraguay-Bolivia, cuestión de límites
Resto del título : memorandums del Plenipotenciario del Paraguay sobre el carácter y alcance del "diferendo y el uti possidetis de 1810" /
Mención de responsabilidad, etc. Fulgencio R. Moreno.
260 ## - PUBLICACIÓN, DISTRIBUCIÓN, ETC.
Lugar de publicación, distribución, etc. Asunción :
Nombre del editor, distribuidor, etc. [s.n.],
Fecha de publicación, distribución, etc. 1934 (
Fabricante Impr. Nacional)
300 ## - DESCRIPCIÓN FÍSICA
Extensión 81 p. ;
Dimensiones 23 cm.
651 #4 - PUNTO DE ACCESO ADICIONAL DE MATERIA--NOMBRE GEOGRÁFICO
Nombre geográfico Paraguay-
Subdivisión general Fronteras-
Subdivisión geográfica Bolivia.
9 (RLIN) 152860
651 #4 - PUNTO DE ACCESO ADICIONAL DE MATERIA--NOMBRE GEOGRÁFICO
Nombre geográfico Bolivia-
Subdivisión general Fronteras-
Subdivisión geográfica Paraguay.
9 (RLIN) 152861
852 ## - LOCALIZACIÓN
Ubicación ES-MaACL
Número de control de estantería 1773-F-13
852 ## - LOCALIZACIÓN
Ubicación ES-MaACL
Número de control de estantería 1803-F-6
Holdings
Estatus retirado Estado de pérdida Estado de daño No para préstamo Colección Biblioteca de origen Biblioteca actual Ubicación en estantería Fecha de adquisición Fuente de adquisición Total de préstamos Signatura topográfica completa Código de barras Visto por última vez Precio de reemplazo Tipo de ítem Koha
        Colección de folletos Biblioteca del Ateneo de Madrid Biblioteca del Ateneo de Madrid Depósito folletos 17/01/2008     1803-F-6 1112376 23/02/2023 23/02/2023 Folleto
        Colección de folletos Biblioteca del Ateneo de Madrid Biblioteca del Ateneo de Madrid Depósito folletos 17/01/2008     1773-F-13 1112375 23/02/2023 23/02/2023 Folleto